000 00596nam a2200229 i 4500
001 C2-0116701
003 PPAK
005 20180727110021.0
008 970722s1982 ja |||| ||||| | eng d
020 _a087040525X
040 _aPPAK
_beng
_cPPAK
_erda
082 0 4 _a330.90952
_223
090 0 0 _a330.90952
_bWOR
_dG
100 1 _aWoronoff, Jon,
_eauthor
245 1 0 _aInside Japan Inc.
264 1 _aTokyo, Japan :
_bLotus Press ,
_c1982
300 _a273 pages ;
_c18 cm
336 _2rdacontent
_atext
337 _2rdamedia
_aunmediated
338 _2rdacarrier
_avolume
942 _ddc
_cB
999 _c30830
_d30830